Les 20 départements les plus à l'est - Difficile - Statistiques

Statistiques générales
  • Ce quiz a été pris 76 fois
  • Le résultat moyen est 14 sur 20
Statistiques - réponses
Département Coordonnées Localité % Correct
Haut-Rhin 7° 36′ 14″ Est Geiswasser
93%
Mayotte 45° 17′ 44″ Est Pamandzi (Plage de la Moya)
88%
Bas-Rhin 8° 10′ 28″ Est Lauterbourg
87%
La Réunion 55° 50′ 11″ Est Sainte-Rose (Pointe des Cascades)
87%
Corse-du-Sud 9° 40' 80'' Est Conca (La Guardia)
84%
Haute-Corse 9° 56′ 00″ Est San Giuliano (Plage de Florentine)
84%
Haute-Savoie 6° 52′ 11″ Est Chamonix-Mont-Blanc
81%
Var 6° 52′ 06″ Est Saint-Raphaël
76%
Alpes-Maritimes 7° 37′ 01″ Est La Brigue
75%
Moselle 7° 35′ 12″ Est Sturzelbronn
66%
Savoie 7° 02′ 50″ Est Bonneval-sur-Arc
65%
Isère 6° 10′ 40″ Est Saint-Christophe-en-Oisans
62%
Territoire de Belfort 7° 06′ 40″ Est Réchésy
60%
Vosges 7° 09′ 09″ Est Lubine
59%
Alpes-de-Haute-Provence 6° 45′ 08″ Est Saint-Paul-sur-Ubaye
57%
Hautes-Alpes 6° 57′ 23″ Est Ristolas
57%
Doubs 7° 02′ 52″ Est Montancy
56%
Ain 6° 08′ 34″ Est Divonne-les-Bains
53%
Meurthe-et-Moselle 7° 05′ 41″ est Raon-lès-Leau
47%
Haute-Saône 6° 47′ 34″ Est Brevilliers
40%
Aucun quiz correspondant
Distribution des résultats
% des personnes avec chaque résultat
Percentile par nombre de réponses
Votre historique - résultats
Vous n’avez pas pris ce quiz